| 000 | 00906pam a2200217 a 4500 | ||
|---|---|---|---|
| 001 | 4752640 | ||
| 005 | 20250609121353.0 | ||
| 008 | 850618s1985 cau 000 0 eng | ||
| 020 |
_a0060649275 (pbk.) : _c$8.95 |
||
| 050 | 0 | 0 |
_aBS537 _b.L35 1985 |
| 082 | 0 | 0 |
_a220.4 _219 |
| 100 | 1 |
_aLamsa, George M. _q(George Mamishisho), _d1892-1975. |
|
| 245 | 1 | 0 |
_aIdioms in the Bible explained ; and, A key to the original Gospel / _cGeorge M. Lamsa. |
| 260 |
_aSan Francisco, CA : _bHarper & Row, _cc1985. |
||
| 300 |
_axii, 104 p. ; _c24 cm. |
||
| 500 | _aCover title of 2nd work: A key to the original Gospels. | ||
| 500 | _aSecond work originally published under title: Key to original Gospels. | ||
| 700 | 1 | 2 |
_aLamsa, George M. _q(George Mamishisho), _d1892-1975. _tKey to original Gospels. _f1985. |
| 856 | 4 | 2 |
_3Publisher description _uhttp://www.loc.gov/catdir/description/hc044/85042782.html |
| 942 |
_2lcc _cBK _n0 |
||
| 999 |
_c6344 _d6344 |
||